000 00800nam a2200265Ia 4500
003 OSt
005 20220918165604.0
006 a|||||r|||| 00| 0
007 ta
008 220917b |||||||| |||| 00| 0 eng d
020 _a8170002036
024 _a2,142
037 _cTextual
040 _aARTS
_cARTS
_beng
041 _2eng
_aeng
082 _a2:( D65,8 (B) ), N7 (2D)
100 _aMahapatra P K
_924866
245 0 _aRedesigning the library
260 _aNew Delhi
_bEss Ess Pub India
_c1997
300 _a289 p.
_ccm.
650 _aLIBRARY SCIENCE; COMPUTER APPLICATIONS; LIBRARY SCIENCE
_924867
700 _a Chakrabarti Bhubaneswar
_924868
942 _h2:( D65,8 (B) ), N7 (2D)
_cTEXL
_2CC
999 _c130446
_d130446